000 00646nam a2200229Ia 4500
003 GCL
008 140319s9999 xx 000 0 ara d
040 _aGCL /
_cGCL
082 0 4 _a811.1
_bع د
100 1 _aعلى ابوزيد
245 1 0 _aديوان عمرو بن كلثوم /
_cعلى ابوزيد
260 _a[S.N] :
_bدار سعد الدين ،
_c1991
300 _a182 ص
490 _a
650 0 4 _aالشعر العربى
650 0 4 _aالادب العربى
650 0 4 _aالعصر الجاهلى
650 0 4 _aدواوين وقصائد
650 0 4 _aالتاريخ
650 0 4 _aالمعلقات
942 _2ddc
_cBK
999 _c31463
_d31463